Normal view
MARC view
- المشهداني ، محمد كاظم
Entry Personal Name
001 - CONTROL NUMBER
- control field: 43955
003 - CONTROL NUMBER IDENTIFIER
- control field: JO-AjAnu
005 - DATE AND TIME OF LATEST TRANSACTION
- control field: 20230606081300.0
008 - FIXED-LENGTH DATA ELEMENTS
- fixed length control field: 230606|| aca||aabn | a|a d
040 ## - CATALOGING SOURCE
- Original cataloging agency: JO-AjAnu
- Transcribing agency: JO-AjAnu
100 ## - HEADING--PERSONAL NAME
- Personal name: المشهداني ، محمد كاظم
670 ## - SOURCE DATA FOUND
- Source citation: Work cat.: (JO-AjAnu)22506: المشهداني ، محمد كاظم , author, القانون الدستوري : الدولة - الحكومة - الدستور